| 000 | 00432nam a2200145Ia 4500 | ||
|---|---|---|---|
| 008 | 220217s9999||||xx |||||||||||||| ||und|| | ||
| 020 | _a978-81-265-1206-5 | ||
| 082 | _a005.133 ZAK | ||
| 100 |
_aZakas, Bicholas, C McPeak, Jeremy and Fawcett, Joe _96706 |
||
| 245 | 0 | _aProffessional azax | |
| 250 | _a2nd | ||
| 260 |
_aWiley india Pvt.Ltd. _bNEw Delhi _c2010 |
||
| 300 |
_aXXI, 595p. _b449 |
||
| 650 | _aPROGRAMMING LANGUAGE | ||
| 999 |
_c179460 _d179460 |
||